000 00853cab a22002055a 4500
001 L142338
008 080206e20080201xxka f 000 0 eng d
035 _a(Sirsi) u142338
041 0 _aeng
100 1 _aLawson, David
245 0 2 _aA history of modern property
_bpart 8: 1988-2008 the residential years
260 _c2008
490 0 _aProperty Week
_v73(5) 1 February 2008, 59-62(4)
520 _aThe eighth in an eight part series, this article shows how the balance of power between landlord and tenant has changed since the introduction of the Housing Act 1988. Discusses how over-regulation in the past drove institutions out of the sector and the emergence of buy-to-let.
590 _aKA
650 2 4 _aHOUSING ACT 1988
651 4 _aUnited Kingdom
_y
690 _aPROPERTY-RESIDENTIAL PROPERTY-RESIDENTIAL PROPERTY MARKET
942 _n0
999 _c79781
_d79781